Cincuenta y cinco años de investigación en España / (Record no. 140147)

MARC details
000 -LEADER
campo de control de longitud fija 00796nam a2200217 i 4500
001 - NÚMERO DE CONTROL
campo de control 140147
003 - IDENTIFICADOR DE NÚMERO DE CONTROL
campo de control ES-MaACL
005 - FECHA Y HORA DE LA ÚLTIMA TRANSACCIÓN
campo de control 20230906200022.0
007 - CAMPO FIJO DE DESCRIPCIÓN FÍSICA--INFORMACIÓN GENERAL
campo de control de longitud fija t|
008 - DATOS DE LONGITUD FIJA--INFORMACIÓN GENERAL
campo de control de longitud fija 070214s1953 sp |||| |aspa d
100 1# - ENTRADA PRINCIPAL--NOMBRE DE PERSONA
Nombre de persona Schulten, Adolf.
9 (RLIN) 104768
245 10 - MENCIÓN DEL TÍTULO
Título Cincuenta y cinco años de investigación en España /
Mención de responsabilidad, etc. Adolf Schulten ; versión Miguel Carreras Dexeus ; con la colaboración de C. Martínez Peñalver.
246 3# - FORMA VARIANTE DEL TITULO
Título propio/Titulo breve 55 años de investigación en España
260 ## - PUBLICACIÓN, DISTRIBUCIÓN, ETC.
Lugar de publicación, distribución, etc. Reus :
Nombre del editor, distribuidor, etc. Torrell de Reus,
Fecha de publicación, distribución, etc. 1953.
300 ## - DESCRIPCIÓN FÍSICA
Extensión 73 p., 1 lám. :
Otras características físicas il. ;
Dimensiones 25 cm.
600 14 - PUNTO DE ACCESO ADICIONAL DE MATERIA--NOMBRE DE PERSONA
Nombre de persona Schulten, Adolf.
9 (RLIN) 104768
650 ## - PUNTO DE ACCESO ADICIONAL DE MATERIA--TÉRMINO DE MATERIA
Término de materia o nombre geográfico como elemento de entrada Excavaciones arqueológicas-
Subdivisión geográfica España.
9 (RLIN) 152471
700 1# - ENTRADA AGREGADA--NOMBRE PERSONAL
Nombre de persona Carreras Dexeus, Miguel.
9 (RLIN) 35671
700 1# - ENTRADA AGREGADA--NOMBRE PERSONAL
Nombre de persona Martínez Peñalver, C.
9 (RLIN) 78320
852 ## - LOCALIZACIÓN
Ubicación ES-MaACL
Número de control de estantería 1962-F-16
Holdings
Estatus retirado Estado de pérdida Estado de daño No para préstamo Colección Biblioteca de origen Biblioteca actual Ubicación en estantería Fecha de adquisición Fuente de adquisición Total de préstamos Signatura topográfica completa Código de barras Visto por última vez Precio de reemplazo Tipo de ítem Koha
        Colección de folletos Biblioteca del Ateneo de Madrid Biblioteca del Ateneo de Madrid Depósito folletos 17/01/2008     1962-F-16 1145843 23/02/2023 23/02/2023 Folleto